000 00579nam a2200193 a 4500
005 20230310063603.0
008 991125s1979 mx 000 0 spa u
020 _a9683400884
035 _aUPN01000002376
049 _aCG
050 4 _aPN6019 G7
_bL3.38
100 1 _aLawrence, David Herbert,
_d1885-1930
_928963
245 1 3 _aEl amante de Lady Chatterley /
_cD. H. Lawrence ; tr. José Antonio Ariztegui.
260 _aMéxico :
_bPROMEXA,
_c1979.
300 _axiv, 322 p.
440 4 _aLas grandes obras del siglo veinte
650 4 _aNovela inglesa
_94471
905 _aLibro
999 _c2376
_d2376